000 01437nam a2200373 a 4500
001 vtls000377918
003 NLI
005 20210602181014.0
008 110113n ii abc 001 0 eng
020 _a8190337106
_cRs. 6,750.00
039 9 _y201101132329
_zVLOAD
040 _aNLI :
_beng
_cNLMARC21
041 0 _aeng
044 _aii
082 0 4 _a306.363
_222
100 1 _aGujadhur Sarup, Leela
245 1 0 _aIndentured labour/
_cLeela Gujadhur Sarup
246 3 4 _iCover title
_aColonial emigration acts 1837-1932 : Indentured labour - slavery to salvation : with a brief history of India
260 _aKolkata :
_bAldrich International,
_c[n.d.]
300 _axix, 656 p. :
_bill., maps, ports;
_c28 cm.
_e2 pamphlets
500 _aThe book has two accompaning booklets; one is the advertisement of the book; the second is the annexe of the original book and bears the title 'Colonial emigration 19th, 20th centuries: Proceedings'
504 _aIncludes bibliographical references and index
650 0 _aContract labor
_zIndia
_xHistory
_9560740
650 0 _aIndentured servants
_zIndia
_xHistory
_9560741
651 0 _aIndia
_xHistory
_91578
887 _a
901 _aDB100126
_b21.6.06
901 _aDB100124
_b21.6.06
_9(an1)
901 _aDB100125
_b21.6.06
_9(an2)
902 _aE303.363 G949
942 _2ddc
_cBKS
949 _AVIRTUAITEM
_D10000
_X100
_6DBA000100124ENG
_9(an1)
999 _aVIRTUA40
_c335353
_d335353